[Event "24. Copenhagen Open  (Politiken Cup)"]
[Site "Copenhagen"]
[Date "2002.07.15"]
[Round "1"]
[White "Naes, Flovin Tor"]
[Black "Brasoy, Aksel"]
[Result "1-0"]
[WhiteElo "2232"]
[BlackElo "1665"]
[PlyCount "143"]
[EventDate "2002.07.15"]
[EventType "swiss"]
[EventRounds "11"]
[EventCountry "DEN"]
[SourceDate "2004.01.01"]

1. Nf3 c5 2. c4 Nc6 3. Nc3 Nf6 4. e3 e6 5. d4 d5 6. a3 a6 7. Bd3 dxc4 8. Bxc4
cxd4 9. exd4 Be7 10. O-O O-O 11. Re1 b5 12. Ba2 Bb7 13. Qd3 b4 14. Na4 Qa5 15.
Qb3 Rfd8 16. Be3 Nd5 17. Rac1 Qb5 18. Nc5 Na5 19. Qc2 Bxc5 20. Bb1 g6 21. dxc5
Nxe3 22. Rxe3 Bxf3 23. Rxf3 Nc6 24. Rd3 Rxd3 25. Qxd3 Qxd3 26. Bxd3 bxa3 27.
bxa3 a5 28. Kf1 Rb8 29. Be4 Rc8 30. Ke2 Kf8 31. Kd3 e5 32. Bxc6 Rxc6 33. Kc4
Ke7 34. Kb5 Kd7 35. Kxa5 f5 36. Rd1+ Kc7 37. Kb5 e4 38. g3 Re6 39. Rd2 g5 40.
Kc4 f4 41. gxf4 gxf4 42. Kd5 e3 43. fxe3 Rxe3 44. Rd4 Rxa3 45. Rxf4 Rd3+ 46.
Kc4 Rh3 47. Kb5 Rb3+ 48. Rb4 Rh3 49. Rb2 Rc3 50. h4 h5 51. Rb4 Rc1 52. Rf4 Rb1+
53. Kc4 Rc1+ 54. Kd5 Rd1+ 55. Ke6 Rh1 56. Kf6 Kc6 57. Kg5 Kxc5 58. Kxh5 Kd5 59.
Kg6 Rg1+ 60. Kf6 Rh1 61. Rf5+ Kd6 62. h5 Rh2 63. Kf7 Kd7 64. Rd5+ Kc6 65. Rg5
Kd7 66. Kg7 Re2 67. h6 Re7+ 68. Kg6 Re6+ 69. Kh5 Re1 70. h7 Rh1+ 71. Kg6 Ke7
72. Kg7 1-0

[Event "24. Copenhagen Open  (Politiken Cup)"]
[Site "Copenhagen"]
[Date "2002.07.15"]
[Round "1"]
[White "Nielsen, Jens Holm"]
[Black "Trarup, Jorgen"]
[Result "1-0"]
[WhiteElo "2098"]
[BlackElo "1270"]
[PlyCount "89"]
[EventDate "2002.07.15"]
[EventType "swiss"]
[EventRounds "11"]
[EventCountry "DEN"]
[SourceDate "2004.01.01"]

1. Nc3 d5 2. e4 dxe4 3. Nxe4 e5 4. Bc4 Nf6 5. Ng5 Nd5 6. Qf3 Qxg5 7. Bxd5 Qf6
8. Bxb7 Bxb7 9. Qxb7 Qc6 10. Qxc6+ Nxc6 11. c3 Bd6 12. Ne2 O-O 13. O-O Rae8 14.
b4 Re6 15. d3 f5 16. b5 Ne7 17. a4 f4 18. Ba3 f3 19. Ng3 fxg2 20. Kxg2 Ng6 21.
Bxd6 Rxd6 22. Rad1 Nf4+ 23. Kf3 Rxd3+ 24. Rxd3 Nxd3+ 25. Ke3 Nb2 26. Ne4 Rd8
27. Rb1 Nc4+ 28. Ke2 h6 29. Rg1 Kf7 30. Rg4 Nd6 31. Nxd6+ Rxd6 32. Rc4 Rd7 33.
Rc6 Ke7 34. Ra6 Rd5 35. Rxa7 Kd8 36. Ra8+ Kd7 37. Rg8 g5 38. Rg7+ Kc8 39. Rh7
Rd6 40. a5 Kb8 41. a6 Rb6 42. c4 c5 43. Re7 Rd6 44. Rxe5 Rd4 45. Rxc5 1-0

[Event "24. Copenhagen Open  (Politiken Cup)"]
[Site "Copenhagen"]
[Date "2002.07.15"]
[Round "1"]
[White "Nielsen, Palle"]
[Black "Lonborg, Morten"]
[Result "0-1"]
[WhiteElo "1473"]
[BlackElo "2152"]
[PlyCount "58"]
[EventDate "2002.07.15"]
[EventType "swiss"]
[EventRounds "11"]
[EventCountry "DEN"]
[SourceDate "2004.01.01"]

1. e4 c5 2. Nf3 d6 3. Nc3 a6 4. d4 cxd4 5. Nxd4 Nf6 6. Bg5 e6 7. Be2 b5 8. a3
Bb7 9. O-O Be7 10. f3 Nbd7 11. Re1 O-O 12. Bf1 Rc8 13. Rc1 Qa5 14. Nce2 Ne5 15.
c3 Qb6 16. Kh1 Nfg4 17. Qd2 Nc4 18. Qf4 Nf2+ 19. Kg1 Nd3 20. Qg3 Bxg5 21. Qxg5
Nxc1 22. Nf4 f6 23. Qg4 e5 24. Qe6+ Kh8 25. Ng6+ hxg6 26. Qh3+ Kg8 27. Bxc4+
bxc4 28. Qe6+ Rf7 29. Rxc1 exd4 0-1

[Event "24. Copenhagen Open  (Politiken Cup)"]
[Site "Copenhagen"]
[Date "2002.07.15"]
[Round "1"]
[White "Nilssen, John Arni"]
[Black "Lie, Terje"]
[Result "1-0"]
[WhiteElo "2363"]
[BlackElo "1913"]
[PlyCount "51"]
[EventDate "2002.07.15"]
[EventType "swiss"]
[EventRounds "11"]
[EventCountry "DEN"]
[SourceDate "2004.01.01"]

1. d4 Nf6 2. c4 e6 3. Nc3 Bb4 4. e3 O-O 5. Bd3 c5 6. Nge2 Nc6 7. O-O d5 8. a3
Bxc3 9. bxc3 b6 10. cxd5 Nxd5 11. e4 Nf6 12. Bg5 e5 13. f4 Qc7 14. fxe5 Ng4 15.
Bf4 Qe7 16. Bb5 Bb7 17. Ng3 Qd7 18. Nf5 h5 19. d5 a6 20. Bxc6 Bxc6 21. dxc6
Qxd1 22. Raxd1 Ra7 23. Rd7 Rfa8 24. h3 g5 25. Bh2 Nxh2 26. Nh6+ 1-0

[Event "24. Copenhagen Open  (Politiken Cup)"]
[Site "Copenhagen"]
[Date "2002.07.15"]
[Round "1"]
[White "Nilsson, Nils Specht"]
[Black "Draeger, Michael"]
[Result "1-0"]
[WhiteElo "2187"]
[BlackElo "1549"]
[PlyCount "81"]
[EventDate "2002.07.15"]
[EventType "swiss"]
[EventRounds "11"]
[EventCountry "DEN"]
[SourceDate "2004.01.01"]

1. e4 c5 2. b4 cxb4 3. d4 d5 4. e5 Nc6 5. a3 Bf5 6. axb4 Nxb4 7. Bb5+ Bd7 8.
Bxd7+ Qxd7 9. c3 Nc6 10. Ba3 Nh6 11. Ne2 Qg4 12. O-O Nf5 13. Nd2 Nh4 14. g3
Nf3+ 15. Kg2 Nxd2 16. Qxd2 g5 17. f3 Qf5 18. g4 Qg6 19. Ng3 Nd8 20. Nh5 Qc6 21.
Qxg5 Ne6 22. Qe3 h6 23. h4 Rg8 24. Kh3 Rc8 25. Bb4 Qc4 26. Rg1 a6 27. Ba5 b6
28. Bxb6 Qxc3 29. Qxc3 Rxc3 30. Kg3 Rg6 31. Rgb1 f5 32. exf6 exf6 33. Bc5 Bxc5
34. dxc5 Nxc5 35. Rc1 Rxc1 36. Rxc1 Nd3 37. Rc6 Nb4 38. Rb6 a5 39. Kf4 Kf7 40.
Kf5 d4 41. Rb7+ 1-0

[Event "24. Copenhagen Open  (Politiken Cup)"]
[Site "Copenhagen"]
[Date "2002.07.15"]
[Round "1"]
[White "Olsen, Miriam Frida"]
[Black "Aagaard, Jacob"]
[Result "0-1"]
[WhiteElo "1894"]
[BlackElo "2359"]
[PlyCount "62"]
[EventDate "2002.07.15"]
[EventType "swiss"]
[EventRounds "11"]
[EventCountry "DEN"]
[SourceDate "2004.01.01"]

1. e4 c5 2. Nc3 Nc6 3. g3 g6 4. Bg2 Bg7 5. d3 d6 6. f4 e6 7. Nf3 Nge7 8. O-O
O-O 9. Be3 Nd4 10. e5 dxe5 11. fxe5 Rb8 12. Ne4 Nef5 13. Bf2 Nxf3+ 14. Qxf3
Bxe5 15. Bxc5 Bxb2 16. Bxf8 Bxa1 17. Ba3 Bd4+ 18. Kh1 h5 19. c3 Bg7 20. d4 Bd7
21. Qf2 Bc6 22. Rd1 Bd5 23. Bc1 Rc8 24. Qb2 h4 25. Bf4 h3 26. Bf3 g5 27. Nxg5
Qxg5 28. Bxd5 Qg4 29. Bb3 Qf3+ 30. Kg1 Rxc3 31. Be5 Rxb3 0-1

[Event "24. Copenhagen Open  (Politiken Cup)"]
[Site "Copenhagen"]
[Date "2002.07.15"]
[Round "1"]
[White "Olsson, Tomas"]
[Black "Hein, Jacob"]
[Result "1-0"]
[WhiteElo "2109"]
[BlackElo "1305"]
[PlyCount "47"]
[EventDate "2002.07.15"]
[EventType "swiss"]
[EventRounds "11"]
[EventCountry "DEN"]
[SourceDate "2004.01.01"]

1. e4 e5 2. Nf3 Nc6 3. Bc4 Be7 4. d4 exd4 5. Nxd4 Bf6 6. c3 Ne5 7. Be2 Ne7 8.
f4 N5g6 9. e5 Bh4+ 10. g3 Nd5 11. Nf3 Ndxf4 12. Bxf4 Nxf4 13. Nxh4 Nxe2 14.
Qxe2 O-O 15. O-O a5 16. Nd2 c6 17. Ne4 Kh8 18. Nd6 f6 19. exf6 g5 20. Nhf5 Qxf6
21. Ne7 Qh6 22. Rxf8+ Qxf8 23. Qe5+ Qg7 24. Nf7# 1-0

[Event "24. Copenhagen Open  (Politiken Cup)"]
[Site "Copenhagen"]
[Date "2002.07.15"]
[Round "1"]
[White "Peralta, Fernando"]
[Black "Nielsen, Thomas"]
[Result "1-0"]
[WhiteElo "2478"]
[BlackElo "2018"]
[PlyCount "57"]
[EventDate "2002.07.15"]
[EventType "swiss"]
[EventRounds "11"]
[EventCountry "DEN"]
[SourceDate "2004.01.01"]

1. Nf3 d5 2. c4 e6 3. e3 Nf6 4. Nc3 c5 5. cxd5 exd5 6. d4 Nc6 7. Bb5 cxd4 8.
exd4 Bd7 9. O-O Be7 10. Bg5 Bg4 11. Qa4 O-O 12. Ne5 Nxe5 13. dxe5 Ne4 14. Bxe7
Qxe7 15. Nxe4 dxe4 16. Qxe4 Be6 17. a3 g6 18. Qe3 b6 19. Rad1 Rac8 20. Bd3 Rc7
21. f4 Bb3 22. Rc1 Rxc1 23. Rxc1 Bd5 24. f5 gxf5 25. Bxf5 Qh4 26. Rd1 Be6 27.
Rd4 Qh5 28. Qg3+ Kh8 29. Bxh7 1-0

[Event "24. Copenhagen Open  (Politiken Cup)"]
[Site "Copenhagen"]
[Date "2002.07.15"]
[Round "1"]
[White "Pert, Nicholas"]
[Black "Spanton, Timothy"]
[Result "1-0"]
[WhiteElo "2460"]
[BlackElo "2008"]
[PlyCount "36"]
[EventDate "2002.07.15"]
[EventType "swiss"]
[EventRounds "11"]
[EventCountry "DEN"]
[SourceDate "2004.01.01"]

1. d4 d5 2. c4 c6 3. Nf3 Nf6 4. e3 e6 5. Nbd2 Nbd7 6. Bd3 Be7 7. b3 O-O 8. Bb2
b6 9. O-O Bb7 10. Ne5 c5 11. Qe2 Qc7 12. Rac1 Rad8 13. cxd5 exd5 14. Nxd7 Qxd7
15. dxc5 bxc5 16. Bxf6 Bxf6 17. Rxc5 Be7 18. Rc2 Rfe8 1-0

[Event "24. Copenhagen Open  (Politiken Cup)"]
[Site "Copenhagen"]
[Date "2002.07.15"]
[Round "1"]
[White "Pert, Richard G"]
[Black "Taksrud, Vidar"]
[Result "1-0"]
[WhiteElo "2357"]
[BlackElo "1888"]
[PlyCount "93"]
[EventDate "2002.07.15"]
[EventType "swiss"]
[EventRounds "11"]
[EventCountry "DEN"]
[SourceDate "2004.01.01"]

1. d4 Nf6 2. Bg5 d5 3. e3 Nbd7 4. Nc3 c6 5. f4 h6 6. Bh4 Qa5 7. Bd3 Ne4 8. Bxe4
dxe4 9. Qd2 Qh5 10. Bf2 Nf6 11. Nge2 Qg6 12. Rg1 Bg4 13. O-O-O e6 14. h3 Bxe2
15. Nxe2 h5 16. Bh4 Nd5 17. a3 f5 18. c4 Nb6 19. Qc2 Qf7 20. Kb1 Be7 21. Bxe7
Qxe7 22. g3 O-O-O 23. Rc1 Kb8 24. h4 Nd7 25. b4 Nf6 26. Qb3 Ng4 27. Rc3 Nh2 28.
Rd1 Nf3 29. Ka2 Qf7 30. a4 Rd7 31. Rcc1 Rhd8 32. Rb1 Qg6 33. c5 Qf7 34. b5 cxb5
35. axb5 b6 36. c6 Rc7 37. Rbc1 Nh2 38. Nc3 Ng4 39. d5 Rd6 40. dxe6 Qxe6 41.
Rxd6 Qxd6 42. Rd1 Qf8 43. Nd5 Rc8 44. c7+ Kb7 45. Qa4 a5 46. bxa6+ Ka7 47. Qc6
1-0

[Event "24. Copenhagen Open  (Politiken Cup)"]
[Site "Copenhagen"]
[Date "2002.07.15"]
[Round "1"]
[White "Petkovic, Peter"]
[Black "Manley, Christian"]
[Result "1-0"]
[WhiteElo "2151"]
[BlackElo "1469"]
[PlyCount "61"]
[EventDate "2002.07.15"]
[EventType "swiss"]
[EventRounds "11"]
[EventCountry "DEN"]
[SourceDate "2004.01.01"]

1. e4 d5 2. exd5 Qxd5 3. Nc3 Qa5 4. d4 c6 5. Bc4 Bf5 6. Nf3 Nf6 7. Ne5 e6 8.
Bd2 Bb4 9. a3 Bxc3 10. Bxc3 Qc7 11. Qe2 Nbd7 12. O-O-O Nxe5 13. dxe5 Nd5 14.
Bd2 O-O-O 15. g4 Bg6 16. f4 h5 17. h3 b5 18. Bb3 Qb6 19. Rhf1 hxg4 20. hxg4 Rh3
21. Rf3 Rdh8 22. Rxh3 Rxh3 23. Bxd5 cxd5 24. Qg2 Qc5 25. f5 Rb3 26. fxg6 fxg6
27. Kb1 Qxa3 28. cxb3 Qxb3 29. Rc1+ Kb7 30. Qf1 d4 31. Qf7+ 1-0

[Event "24. Copenhagen Open  (Politiken Cup)"]
[Site "Copenhagen"]
[Date "2002.07.15"]
[Round "1"]
[White "Rasmussen, Allan Stig"]
[Black "Busk, Casper"]
[Result "0-1"]
[WhiteElo "2305"]
[BlackElo "1874"]
[PlyCount "42"]
[EventDate "2002.07.15"]
[EventType "swiss"]
[EventRounds "11"]
[EventCountry "DEN"]
[SourceDate "2004.01.01"]

1. e4 c5 2. d3 g6 3. c3 d5 4. Nd2 Bg7 5. f4 e5 6. fxe5 Nc6 7. Nb3 c4 8. exd5
Nxe5 9. Nd4 Qe7 10. dxc4 Nd3+ 11. Kd2 Nf2 12. Qf3 Nxh1 13. Bd3 Nf6 14. Nh3 Ng4
15. d6 Qxd6 16. Nb5 Qxh2 17. Kc2 Be5 18. Bf4 Bxf4 19. Re1+ Ne3+ 20. Kb3 Bxh3
21. gxh3 O-O 0-1

[Event "24. Copenhagen Open  (Politiken Cup)"]
[Site "Copenhagen"]
[Date "2002.07.15"]
[Round "1"]
[White "Rasmussen, Bent"]
[Black "Kongsted, Halfdan Christian"]
[Result "0-1"]
[WhiteElo "1658"]
[BlackElo "2224"]
[PlyCount "88"]
[EventDate "2002.07.15"]
[EventType "swiss"]
[EventRounds "11"]
[EventCountry "DEN"]
[SourceDate "2004.01.01"]

1. d4 e6 2. c4 f5 3. g3 Nf6 4. Bg2 d5 5. Nf3 c6 6. O-O Bd6 7. b3 Qe7 8. Nc3
Nbd7 9. Bb2 O-O 10. e3 h6 11. Qc2 b6 12. Ne2 Bb7 13. Ne5 Rac8 14. Rac1 c5 15.
Nd3 Rc7 16. Qb1 Ne4 17. Rfd1 cxd4 18. Bxd4 e5 19. Bb2 dxc4 20. bxc4 Rfc8 21.
Ba1 Ba3 22. Rc2 Qe6 23. Qb3 Be7 24. Rdc1 Ndc5 25. Nxc5 Nxc5 26. Qc3 Bf6 27.
Bxb7 Rxb7 28. Rd1 Rbc7 29. Qa3 Rd7 30. Rxd7 Qxd7 31. Qc1 Qc6 32. f4 Qf3 33.
fxe5 Nd3 34. Nd4 Qe4 35. Qd2 Bg5 36. Qc3 Bxe3+ 37. Kf1 Rd8 38. Qb3 Bxd4 39.
Bxd4 Qxd4 40. c5+ Kf8 41. cxb6 Qe4 42. Kg1 Qe3+ 43. Kf1 Qf3+ 44. Kg1 Qd1+ 0-1

[Event "24. Copenhagen Open  (Politiken Cup)"]
[Site "Copenhagen"]
[Date "2002.07.15"]
[Round "1"]
[White "Rasmussen, Poul"]
[Black "Lilja, Richard"]
[Result "0-1"]
[WhiteElo "1428"]
[BlackElo "2123"]
[PlyCount "40"]
[EventDate "2002.07.15"]
[EventType "swiss"]
[EventRounds "11"]
[EventCountry "DEN"]
[SourceDate "2004.01.01"]

1. e4 e5 2. Nf3 Nc6 3. Bb5 Nf6 4. d3 Bc5 5. h3 d6 6. Nc3 h6 7. Bd2 Bd7 8. Ne2
a6 9. Bxc6 Bxc6 10. Ng3 Qd7 11. Bc3 O-O-O 12. Qe2 Qe6 13. O-O g5 14. b4 Bb6 15.
Nf5 g4 16. hxg4 Nxg4 17. Be1 Rdg8 18. N3h4 d5 19. Kh1 dxe4 20. dxe4 Bb5 0-1

[Event "24. Copenhagen Open  (Politiken Cup)"]
[Site "Copenhagen"]
[Date "2002.07.15"]
[Round "1"]
[White "Richards, Heather"]
[Black "Tretvold, Martin"]
[Result "1-0"]
[WhiteElo "2275"]
[BlackElo "1801"]
[PlyCount "49"]
[EventDate "2002.07.15"]
[EventType "swiss"]
[EventRounds "11"]
[EventCountry "DEN"]
[SourceDate "2004.01.01"]

1. e4 e5 2. Nc3 Nf6 3. g3 Bc5 4. Bg2 Nc6 5. Nge2 d6 6. Na4 O-O 7. O-O Bg4 8. h3
Bh5 9. c3 Qd7 10. g4 Bg6 11. d4 exd4 12. cxd4 Bb6 13. Nxb6 axb6 14. Ng3 Rfe8
15. f3 h5 16. Bg5 hxg4 17. hxg4 d5 18. e5 Nh7 19. Be3 Nb4 20. Rf2 Rxa2 21. Rxa2
Nxa2 22. f4 f5 23. gxf5 Bxf5 24. Nxf5 Qxf5 25. Bxd5+ 1-0

[Event "24. Copenhagen Open  (Politiken Cup)"]
[Site "Copenhagen"]
[Date "2002.07.15"]
[Round "1"]
[White "Robertsen, Thomas"]
[Black "Ward, Christopher"]
[Result "0-1"]
[WhiteElo "2022"]
[BlackElo "2498"]
[PlyCount "60"]
[EventDate "2002.07.15"]
[EventType "swiss"]
[EventRounds "11"]
[EventCountry "DEN"]
[SourceDate "2004.01.01"]

1. e4 c5 2. Nf3 g6 3. d4 cxd4 4. Nxd4 Nf6 5. Nc3 d6 6. Be3 Bg7 7. f3 Nc6 8. Qd2
O-O 9. Bc4 Bd7 10. O-O-O Qa5 11. Bb3 Rfc8 12. h4 Ne5 13. Kb1 Nc4 14. Bxc4 Rxc4
15. Nb3 Qc7 16. Bd4 Be6 17. h5 a5 18. hxg6 hxg6 19. Qe3 a4 20. Nc1 b5 21. Nxb5
Qb7 22. Nc3 Rac8 23. N1e2 Rb4 24. b3 axb3 25. cxb3 Bxb3 26. axb3 Rxb3+ 27. Kc1
e5 28. Ba7 Qb4 29. Kc2 Rb2+ 30. Kc1 Rxe2 0-1

[Event "24. Copenhagen Open  (Politiken Cup)"]
[Site "Copenhagen"]
[Date "2002.07.15"]
[Round "1"]
[White "Roeder, Peter Ulrik"]
[Black "Sandbech, Ted"]
[Result "1-0"]
[WhiteElo "2174"]
[BlackElo "1516"]
[PlyCount "45"]
[EventDate "2002.07.15"]
[EventType "swiss"]
[EventRounds "11"]
[EventCountry "DEN"]
[SourceDate "2004.01.01"]

1. d4 d5 2. c4 c6 3. Nc3 Nf6 4. Nf3 Nbd7 5. e3 dxc4 6. Bxc4 Nb6 7. Bb3 Bf5 8.
O-O e6 9. Re1 Be7 10. h3 h6 11. e4 Nxe4 12. Nxe4 O-O 13. Ng3 Bh7 14. Bc2 Bxc2
15. Qxc2 Rc8 16. Be3 Nd5 17. Rad1 Qa5 18. a3 Rfd8 19. Ne4 c5 20. dxc5 Nxe3 21.
Rxe3 f5 22. b4 Qc7 23. Nc3 1-0

[Event "24. Copenhagen Open  (Politiken Cup)"]
[Site "Copenhagen"]
[Date "2002.07.15"]
[Round "1"]
[White "Rohrmueller, Ulrich"]
[Black "Soraas, Torben"]
[Result "1/2-1/2"]
[WhiteElo "2257"]
[BlackElo "1776"]
[PlyCount "86"]
[EventDate "2002.07.15"]
[EventType "swiss"]
[EventRounds "11"]
[EventCountry "DEN"]
[SourceDate "2004.01.01"]

1. e4 e6 2. d3 d5 3. Nd2 c5 4. Ngf3 Nf6 5. g3 Nc6 6. Bg2 Be7 7. O-O O-O 8. Re1
b5 9. c3 a5 10. a4 bxa4 11. Qxa4 Qb6 12. h3 Ba6 13. Bf1 Ra7 14. Kg2 Rb8 15. e5
Nd7 16. Ra2 d4 17. Nc4 Qc7 18. Kg1 dxc3 19. bxc3 Bxc4 20. Qxc4 Rb1 21. Qe4 Rb3
22. Bd2 Nb6 23. Rc1 Nd5 24. d4 Rb8 25. h4 Qb6 26. Ng5 Bxg5 27. hxg5 cxd4 28.
Bd3 g6 29. Rb1 Qd8 30. cxd4 Ncb4 31. Rab2 Rc8 32. Bb5 Nc3 33. Bxc3 Rxc3 34. Ra1
Qxg5 35. Rbb1 Qe7 36. Bf1 Qd7 37. Rd1 Nd5 38. Qb1 Qc7 39. Bg2 Nb4 40. Qe4 Nd5
41. Qb1 a4 42. Bxd5 exd5 43. Qb5 Qa5 1/2-1/2

[Event "24. Copenhagen Open  (Politiken Cup)"]
[Site "Copenhagen"]
[Date "2002.07.15"]
[Round "1"]
[White "Sanchez Martin, Vanessa"]
[Black "Baldursson, Rani"]
[Result "1-0"]
[WhiteElo "2123"]
[BlackElo "1426"]
[PlyCount "87"]
[EventDate "2002.07.15"]
[EventType "swiss"]
[EventRounds "11"]
[EventCountry "DEN"]
[SourceDate "2004.01.01"]

1. e4 c5 2. Nf3 d6 3. d4 cxd4 4. Nxd4 Nf6 5. Nc3 g6 6. Be2 Bg7 7. O-O O-O 8.
Re1 Qb6 9. Nb3 Nc6 10. Be3 Qc7 11. f3 Bd7 12. Nb5 Qd8 13. c3 a6 14. N5d4 Rc8
15. Nxc6 Rxc6 16. Nd4 Rc8 17. a4 Qb6 18. Nf5 Qd8 19. Nxg7 Kxg7 20. Qd2 Rc6 21.
Bh6+ Kg8 22. Bxf8 Kxf8 23. Qd4 Qc7 24. Bf1 Rc5 25. Rec1 Ra5 26. Be2 Qc6 27. Bd1
Kg8 28. b4 Re5 29. c4 Qc7 30. a5 Bc6 31. Ba4 Bxa4 32. Rxa4 Qc6 33. Ra2 Nd7 34.
Rd1 Re6 35. Qd5 Ne5 36. Rc1 Rf6 37. Qxc6 Nxc6 38. b5 Nb8 39. Rb2 Nd7 40. bxa6
bxa6 41. Rb7 Nc5 42. Rxe7 Nb3 43. Rb1 Nxa5 44. Rc7 1-0

[Event "24. Copenhagen Open  (Politiken Cup)"]
[Site "Copenhagen"]
[Date "2002.07.15"]
[Round "1"]
[White "Schmidt, Horst Hubert"]
[Black "Hanley, Craig"]
[Result "0-1"]
[WhiteElo "1870"]
[BlackElo "2331"]
[PlyCount "70"]
[EventDate "2002.07.15"]
[EventType "swiss"]
[EventRounds "11"]
[EventCountry "DEN"]
[SourceDate "2004.01.01"]

1. Nf3 e6 2. c4 b6 3. d4 Bb7 4. e3 g6 5. Nc3 Bg7 6. Be2 f5 7. O-O Nf6 8. d5 Na6
9. dxe6 dxe6 10. Nd4 Qd7 11. Bf3 O-O-O 12. Bxb7+ Kxb7 13. Qf3+ c6 14. Rd1 e5
15. Nb3 Qe6 16. c5 e4 17. Qe2 Ng4 18. Nd4 Qe5 19. g3 Nxc5 20. Qc4 Qe7 21. Bd2
Ne5 22. Qe2 Ncd3 23. b4 Rxd4 24. exd4 Nf3+ 25. Kg2 Bxd4 26. b5 Qc5 27. bxc6+
Qxc6 28. Rac1 Nxc1 29. Rxc1 Nxd2 30. Nb5 Qxc1 31. Nxd4 Nf3 32. Nxf3 exf3+ 33.
Kxf3 Qc6+ 34. Kf4 Re8 35. Qb2 g5+ 0-1

[Event "24. Copenhagen Open  (Politiken Cup)"]
[Site "Copenhagen"]
[Date "2002.07.15"]
[Round "1"]
[White "Skjoldan, Benjamin"]
[Black "Felgaer, Ruben"]
[Result "0-1"]
[WhiteElo "2024"]
[BlackElo "2509"]
[PlyCount "98"]
[EventDate "2002.07.15"]
[EventType "swiss"]
[EventRounds "11"]
[EventCountry "DEN"]
[SourceDate "2004.01.01"]

1. d4 Nf6 2. c4 c5 3. e3 g6 4. Nc3 Bg7 5. Nf3 O-O 6. Be2 cxd4 7. exd4 d5 8. c5
Nc6 9. O-O Ne4 10. Bf4 Bg4 11. h3 Bxf3 12. Bxf3 f5 13. Ne2 e6 14. a3 Rf7 15. b4
Qf6 16. Bxe4 dxe4 17. Qb3 g5 18. Bd6 f4 19. b5 Ne7 20. Be5 Qf5 21. Bxg7 Rxg7
22. Kh2 Nd5 23. Nc3 f3 24. Nxd5 exd5 25. gxf3 exf3 26. Qe3 Rf8 27. Rae1 h5 28.
Qe6+ Qxe6 29. Rxe6 Rf4 30. Rd1 h4 31. c6 bxc6 32. bxc6 g4 33. hxg4 Rfxg4 34.
Re8+ Kh7 35. Rd8 Rg2+ 36. Kh3 Rxf2 37. Rd7 Rfg2 38. c7 Rc2 39. Rxd5 Rcxc7 40.
Rh5+ Kg8 41. Rxh4 Rc3 42. Rf1 Rxa3 43. Rf4 f2+ 44. Kh2 Ra5 45. Rf3 Rh5+ 46. Rh3
Rf5 47. Rg3 a5 48. Ra3 Kf8 49. d5 Ke7 0-1

[Event "24. Copenhagen Open  (Politiken Cup)"]
[Site "Copenhagen"]
[Date "2002.07.15"]
[Round "1"]
[White "Skovgaard, Peter Nicolai"]
[Black "Simonsen, Olavur"]
[Result "0-1"]
[WhiteElo "1679"]
[BlackElo "2240"]
[PlyCount "50"]
[EventDate "2002.07.15"]
[EventType "swiss"]
[EventRounds "11"]
[EventCountry "DEN"]
[SourceDate "2004.01.01"]

1. e4 d5 2. exd5 Nf6 3. d4 Nxd5 4. c4 Nb6 5. Nf3 g6 6. Be2 Bg7 7. Be3 O-O 8.
O-O Bg4 9. Qc1 Nc6 10. Rd1 Bxf3 11. Bxf3 Nxd4 12. Bxd4 Bxd4 13. Bxb7 Rb8 14.
Bd5 c5 15. Na3 Nxd5 16. Rxd4 cxd4 17. cxd5 Qxd5 18. b3 e5 19. Qd2 Rfd8 20. Rd1
a5 21. Nc4 a4 22. Qg5 axb3 23. axb3 e4 24. Ne5 Re8 25. Nf3 Qxb3 0-1

[Event "24. Copenhagen Open  (Politiken Cup)"]
[Site "Copenhagen"]
[Date "2002.07.15"]
[Round "1"]
[White "Tandrup, Michael"]
[Black "Bekker Jensen, David"]
[Result "1/2-1/2"]
[WhiteElo "1874"]
[BlackElo "2338"]
[PlyCount "83"]
[EventDate "2002.07.15"]
[EventType "swiss"]
[EventRounds "11"]
[EventCountry "DEN"]
[SourceDate "2004.01.01"]

1. Nf3 Nf6 2. g3 g6 3. Bg2 Bg7 4. O-O O-O 5. d4 d6 6. c4 c6 7. Nc3 Na6 8. Bg5
h6 9. Bd2 Re8 10. Qc1 Kh7 11. Rd1 Qc7 12. e4 e5 13. dxe5 dxe5 14. h3 Qe7 15.
Be3 Nd7 16. Qc2 Nb4 17. Qb1 a5 18. a3 Na6 19. b4 Rb8 20. Ba7 Ra8 21. Be3 Bf8
22. c5 Rb8 23. Bf1 b6 24. Rd6 bxc5 25. Rxc6 Nb6 26. Bxa6 Bxa6 27. Bxc5 Qd8 28.
Bxb6 Rxb6 29. Rxb6 Qxb6 30. Nd5 Qd6 31. bxa5 Rb8 32. Qc2 Qe6 33. Nc7 Qf6 34.
Nxa6 Qxa6 35. Qc7 Rb7 36. Qc3 Rb5 37. Rc1 Rxa5 38. Qc8 Bxa3 39. Qxa6 Rxa6 40.
Rc7 Kg8 41. Nxe5 Bd6 42. Rc8+ 1/2-1/2

[Event "24. Copenhagen Open  (Politiken Cup)"]
[Site "Copenhagen"]
[Date "2002.07.15"]
[Round "1"]
[White "Thestrup, Sixten"]
[Black "Schmied, Andreas"]
[Result "0-1"]
[WhiteElo "1430"]
[BlackElo "2134"]
[PlyCount "82"]
[EventDate "2002.07.15"]
[EventType "swiss"]
[EventRounds "11"]
[EventCountry "DEN"]
[SourceDate "2004.01.01"]

1. e4 c5 2. Nf3 Nc6 3. d4 cxd4 4. Nxd4 g6 5. Bc4 Bg7 6. Be3 Nf6 7. Nc3 Qa5 8.
O-O O-O 9. f4 Qb4 10. Bb3 Nxe4 11. Nxc6 dxc6 12. a3 Nxc3 13. axb4 Nxd1 14.
Rfxd1 Bxb2 15. Rxa7 Bg4 16. Rb1 Rxa7 17. Bxa7 Bc3 18. Bc5 Re8 19. h3 Bf5 20.
Rd1 h5 21. Kf2 Kf8 22. Kf3 h4 23. Bc4 Bf6 24. Rd2 Ra8 25. Ke2 Ke8 26. Bd4 Bxd4
27. Rxd4 Bxc2 28. f5 g5 29. Rg4 f6 30. Be6 Rd8 31. Ke3 Rd3+ 32. Kf2 b5 33. Re4
Rd2+ 34. Re2 Rxe2+ 35. Kxe2 Be4 36. Kf2 Kd8 37. g3 hxg3+ 38. Kxg3 Kc7 39. h4
gxh4+ 40. Kxh4 Kd6 41. Kh5 Bd5 0-1

[Event "24. Copenhagen Open  (Politiken Cup)"]
[Site "Copenhagen"]
[Date "2002.07.15"]
[Round "1"]
[White "Timmermans, Ivo"]
[Black "Kaaber Hansen, Jacob"]
[Result "1-0"]
[WhiteElo "2177"]
[BlackElo "2079"]
[PlyCount "79"]
[EventDate "2002.07.15"]
[EventType "swiss"]
[EventRounds "11"]
[EventCountry "DEN"]
[SourceDate "2004.01.01"]

1. e4 c5 2. Nf3 Nc6 3. d4 cxd4 4. Nxd4 g6 5. Nc3 Bg7 6. Be3 Nf6 7. Bc4 Qa5 8.
O-O O-O 9. Nb3 Qc7 10. f4 d6 11. Be2 b6 12. Bf3 Bb7 13. Qe2 Na5 14. Rad1 Nc4
15. Bc1 a6 16. Rfe1 Rac8 17. Nd4 b5 18. e5 Bxf3 19. Nxf3 Ng4 20. h3 Qc5+ 21.
Kf1 Nh6 22. Qf2 dxe5 23. Qxc5 Rxc5 24. Ne4 Rc7 25. fxe5 Rfc8 26. Re2 Bf8 27. g4
Kg7 28. b3 Nb6 29. Be3 Rd7 30. Red2 Rxd2 31. Rxd2 Na8 32. Ke2 Ng8 33. Kd1 e6
34. Rd7 Nc7 35. Nd4 Nd5 36. Nxe6+ Kh8 37. Rxd5 fxe6 38. Rd7 Be7 39. Bg5 Bb4 40.
Bf6+ 1-0